000 00604nam a22001577a 4500
003 NUST
082 _a670
100 _a IBRAHIM ,BILAL
_9122252
245 _aComparison of Ballistic Responses of Different Types High Hardness Perforated Armor Plates Against Armor Piercing Projectiles /
_cBILAL IBRAHIM
264 _aIslamabad:
_bSMME- NUST.
_c2020.
300 _a81p. ;
_bSoft Copy,
_c30cm.
650 _aMS Design and Manufacturing Engineering
_9119567
700 _aSupervisor : Dr. Aamir Mubashar
_9119655
856 _uhttp://10.250.8.41:8080/xmlui/handle/123456789/20767
942 _2ddc
_cTHE
999 _c608768
_d608768